| 000 | 00603nam a2200253Ia 4500 | ||
|---|---|---|---|
| 005 | 20250425161921.0 | ||
| 008 | 250425s9999 xx 000 0 und d | ||
| 041 | _aspa | ||
| 043 | _ack | ||
| 082 | _a658.8 | ||
| 100 | _aVILLEGAS ORREGO, FABIO | ||
| 245 | 0 | _aPLAN DE MERCADEO: MARKETING ESTRATEGICO | |
| 250 | _a4A ED. | ||
| 260 | _aCALI | ||
| 260 |
_aColombia _bUNIVERSIDAD DEL VALLE _c1995 |
||
| 300 | _a64 | ||
| 650 | _aAUDITORIA | ||
| 650 | _aCOMPETENCIA | ||
| 650 | _aESTRATEGIAS DE MERCADO | ||
| 650 | _aPLAN DE MARKETING | ||
| 650 | _aVENTAS | ||
| 942 | _c01 | ||
| 010 | _a34856 | ||
| 999 |
_c218803 _d218803 |
||